[Event "Arab-ch"]
[Site "Khartoum"]
[Date "2023.03.02"]
[Round "6"]
[White "Tagelsir, Abubaker"]
[Black "Eltag, Siddig"]
[Result "1-0"]
[WhiteElo "2204"]
[BlackElo "2133"]
[PlyCount "51"]
[EventDate "2023.02.26"]
[EventType "swiss"]
[EventRounds "9"]
[EventCountry "SUD"]
[SourceTitle "CBM 213 Extra"]
[Source "ChessBase"]
[SourceDate "2023.05.31"]
[SourceVersion "1"]
[SourceVersionDate "2023.05.31"]
[SourceQuality "1"]

1. e4 d5 2. exd5 Qxd5 3. Nc3 Qa5 4. d4 Nf6 5. Nf3 Bf5 6. Ne5 c6 7. Bc4 e6 8. Qe2 Bd6 9. Bd2 Qb6 10. g4 Bg6 11. f4 Bxe5 12. dxe5 Nd5 13. 0-0-0 Ne7 14. h4 h5 15. f5 exf5 16. e6 f6 17. g5 Na6 18. gxf6 gxf6 19. Be3 Qa5 20. Rd7 Rd8 21. Rhd1 Rxd7 22. exd7+ Kd8 23. Bxa6 bxa6 24. Bd4 Rf8 25. Qe6 Ng8 26. Qd6 1-0

[Event "Olympiad-44"]
[Site "Chennai"]
[Date "2022.08.07"]
[Round "9.1"]
[White "Tagelsir, Abubaker"]
[Black "Zaibi, Amir"]
[Result "1/2-1/2"]
[WhiteElo "2232"]
[BlackElo "2398"]
[PlyCount "45"]
[EventDate "2022.07.29"]
[EventType "team-swiss"]
[EventRounds "11"]
[EventCountry "IND"]
[SourceTitle "CBM 210"]
[Source "ChessBase"]
[SourceDate "2022.10.31"]
[SourceVersion "1"]
[SourceVersionDate "2022.10.31"]
[SourceQuality "1"]
[WhiteTeam "Sudan"]
[BlackTeam "Tunisia"]
[WhiteTeamCountry "SUD"]
[BlackTeamCountry "TUN"]

1. e4 c5 2. Nf3 Nc6 3. g3 Nf6 4. Nc3 g6 5. Bg2 Bg7 6. 0-0 0-0 7. d3 d6 8. h3 Rb8 9. Be3 Nd7 10. Qd2 Nd4 11. Ne1 b5 12. Bh6 Bxh6 13. Qxh6 e6 14. Nf3 Nxf3+ 15. Bxf3 Qf6 16. Bg2 b4 17. Nd1 a5 18. Rb1 Ba6 19. Ne3 Qg7 20. Qh4 Qf6 21. Qh6 Qg7 22. Qh4 Qf6 23. Qh6 1/2-1/2

[Event "Addis Ababa zt 4.4"]
[Site "Addis Ababa"]
[Date "2022.05.07"]
[Round "8"]
[White "Yousuf Omer, Mahamed"]
[Black "Tagelsir, Abubaker"]
[Result "0-1"]
[WhiteElo "1970"]
[BlackElo "2202"]
[PlyCount "25"]
[EventDate "2022.05.02"]
[EventType "swiss"]
[EventRounds "9"]
[EventCountry "ETH"]
[SourceTitle "CBM 208 Extra"]
[Source "ChessBase"]
[SourceDate "2022.07.31"]
[SourceVersion "1"]
[SourceVersionDate "2022.07.31"]
[SourceQuality "1"]

1. d4 Nf6 2. c4 g6 3. Nf3 Bg7 4. g3 0-0 5. Bg2 d6 6. Nc3 Nc6 7. 0-0 a6 8. e4 Bg4 9. h3 Bxf3 10. Bxf3 Nd7 11. Be3 e5 12. d5 Nd4 13. Bg2 0-1

[Event "Addis Ababa zt 4.4"]
[Site "Addis Ababa"]
[Date "2022.05.03"]
[Round "2"]
[White "Elobeid, Asim Ali"]
[Black "Tagelsir, Abubaker"]
[Result "0-1"]
[WhiteElo "2041"]
[BlackElo "2202"]
[PlyCount "118"]
[EventDate "2022.05.02"]
[EventType "swiss"]
[EventRounds "9"]
[EventCountry "ETH"]
[SourceTitle "CBM 208 Extra"]
[Source "ChessBase"]
[SourceDate "2022.07.31"]
[SourceVersion "1"]
[SourceVersionDate "2022.07.31"]
[SourceQuality "1"]

1. Nf3 c5 2. g3 Nc6 3. Bg2 g6 4. 0-0 Bg7 5. d3 e6 6. e4 Nge7 7. c3 e5 8. a3 d6 9. b4 a6 10. Bb2 0-0 11. Nbd2 h6 12. Nc4 Be6 13. Ne3 f5 14. Nd2 f4 15. Nd5 g5 16. a4 g4 17. b5 Nb8 18. c4 f3 19. Bh1 Ng6 20. Re1 Rf7 21. Nf1 Nd7 22. Bc3 Ndf8 23. Bd2 Nh7 24. Qc1 h5 25. a5 Bxd5 26. cxd5 axb5 27. Qb2 b4 28. Ne3 Ng5 29. Nc4 Nh3+ 30. Kf1 Ra6 31. Ra2 Bf6 32. Rea1 Rh7 33. Be3 h4 34. Qc2 Qd7 35. Nb6 Qf7 36. Qa4 hxg3 37. fxg3 Nf8 38. Qb5 Qh5 39. Nc4 Bg5 40. Bg1 Rf7 41. Bf2 Nf4 42. gxf4 Qxh2 43. Bxf3 gxf3 44. fxg5 Qg2+ 45. Ke1 Rh7 46. Kd1 Rh1+ 47. Kc2 Rxa1 48. Rxa1 Qxf2+ 49. Nd2 Qd4 50. Rf1 Qc3+ 51. Kd1 Qa1+ 52. Kc2 Qa2+ 53. Kd1 Rxa5 54. Qc4 Qa1+ 55. Qc1 Qd4 56. Rxf3 Ra1 57. Nb1 Qg1+ 58. Kc2 Ra2+ 59. Kb3 Qxc1 0-1

[Event "Addis Ababa zt 4.4"]
[Site "Addis Ababa"]
[Date "2022.05.02"]
[Round "1"]
[White "Tagelsir, Abubaker"]
[Black "Abel Mathewos, Tilahun"]
[Result "1-0"]
[WhiteElo "2202"]
[BlackElo "1951"]
[PlyCount "89"]
[EventDate "2022.05.02"]
[EventType "swiss"]
[EventRounds "9"]
[EventCountry "ETH"]
[SourceTitle "CBM 208 Extra"]
[Source "ChessBase"]
[SourceDate "2022.07.31"]
[SourceVersion "1"]
[SourceVersionDate "2022.07.31"]
[SourceQuality "1"]

1. e4 e6 2. d3 d5 3. Nd2 Nc6 4. Ngf3 Nf6 5. e5 Nd7 6. d4 f6 7. Bb5 Be7 8. 0-0 a6 9. exf6 Nxf6 10. Bxc6+ bxc6 11. Ne5 c5 12. Nc6 Qd7 13. Nxe7 Qxe7 14. dxc5 Qxc5 15. Nb3 Qc4 16. Nd4 0-0 17. b3 Qc3 18. Rb1 Bd7 19. Nf3 Qa5 20. Bd2 Qb6 21. Be3 Qa5 22. Qd4 Ne4 23. Ne5 Be8 24. a4 c5 25. Qd3 Qc7 26. f4 Bc6 27. Rbe1 Bb7 28. Bc1 a5 29. Ba3 Rad8 30. Qh3 Rde8 31. Qd3 Rd8 32. Re3 Rf5 33. Qe2 Rdf8 34. Nd3 Qb6 35. c4 Nc3 36. Qe1 Ne4 37. g4 R5f6 38. Bb2 Rg6 39. Ne5 Rh6 40. Nd7 Qd8 41. Nxf8 Qxf8 42. Be5 Rg6 43. h3 Qd8 44. g5 h5 45. h4 1-0

[Event "Titled Tuesday intern op 14th Dec"]
[Site "Chess.com INT"]
[Date "2021.12.14"]
[Round "4"]
[White "Tagelsir, Abubaker"]
[Black "Golubka, Petr"]
[Result "1-0"]
[WhiteElo "2210"]
[BlackElo "2408"]
[PlyCount "33"]
[EventDate "2021.12.14"]
[EventType "swiss (blitz)"]
[EventRounds "11"]
[EventCountry "USA"]
[SourceTitle "EXT 2023"]
[Source "ChessBase"]
[SourceDate "2022.10.05"]
[SourceVersion "1"]
[SourceVersionDate "2022.10.05"]
[SourceQuality "1"]

1. e4 c5 2. Nc3 d6 3. f4 a6 4. Nf3 b5 5. g3 Bb7 6. d3 e6 7. Bg2 Be7 8. 0-0 Nf6 9. h3 h5 10. Ne2 Nbd7 11. a4 0-0 12. c3 c4 13. dxc4 bxc4 14. Ng5 Nc5 15. Qc2 Nfd7 16. e5 Bxg2 17. Qh7# 1-0

[Event "Titled Tuesday intern op 14th Dec"]
[Site "Chess.com INT"]
[Date "2021.12.14"]
[Round "2"]
[White "Tagelsir, Abubaker"]
[Black "Moskalenko, Alexander"]
[Result "0-1"]
[WhiteElo "2210"]
[BlackElo "2514"]
[PlyCount "78"]
[EventDate "2021.12.14"]
[EventType "swiss (blitz)"]
[EventRounds "11"]
[EventCountry "USA"]
[SourceTitle "EXT 2023"]
[Source "ChessBase"]
[SourceDate "2022.10.05"]
[SourceVersion "1"]
[SourceVersionDate "2022.10.05"]
[SourceQuality "1"]

1. e4 d5 2. exd5 Nf6 3. d4 Bg4 4. Be2 Bxe2 5. Qxe2 Qxd5 6. Nf3 e6 7. c4 Bb4+ 8. Nc3 Qe4 9. Be3 Bxc3+ 10. bxc3 Nbd7 11. 0-0 b6 12. Nd2 Qf5 13. a4 0-0 14. a5 h6 15. Qf3 Qxf3 16. Nxf3 Ne4 17. Rfc1 a6 18. Kf1 Nd6 19. Nd2 Rfc8 20. Rcb1 b5 21. c5 Nf5 22. c4 c6 23. g4 Ne7 24. Bf4 Nf6 25. Bd6 Ra7 26. f3 Ne8 27. Ke2 Rd8 28. Ne4 f5 29. gxf5 exf5 30. Nc3 Nxd6 31. cxd6 Rxd6 32. d5 bxc4 33. Rb6 Rg6 34. dxc6 Rxc6 35. Rd1 Rc5 36. Rd8+ Kf7 37. Ke3 Rxa5 38. Ne2 Nd5+ 39. Rxd5 Rxd5 0-1

[Event "Arab-ch"]
[Site "Dubai"]
[Date "2021.12.01"]
[Round "8"]
[White "Tagelsir, Abubaker"]
[Black "Miswadah, Baha"]
[Result "1-0"]
[WhiteElo "2210"]
[BlackElo "2042"]
[PlyCount "51"]
[EventDate "2021.11.26"]
[EventType "swiss"]
[EventRounds "9"]
[EventCountry "UAE"]
[SourceTitle "CBM 205 Extra"]
[Source "ChessBase"]
[SourceDate "2022.01.31"]
[SourceVersion "1"]
[SourceVersionDate "2022.01.31"]
[SourceQuality "1"]

1. e4 c5 2. Nc3 e6 3. Nge2 Nc6 4. g3 Nf6 5. Bg2 d5 6. exd5 exd5 7. d4 cxd4 8. Nxd4 Bc5 9. Qe2+ Qe7 10. Qxe7+ Bxe7 11. Ndb5 Nb4 12. 0-0 0-0 13. Nc7 Nxc2 14. Rb1 Bf5 15. Nxa8 Rxa8 16. Bg5 d4 17. Bxf6 Bxf6 18. Nd5 Rd8 19. Rfd1 h6 20. Rbc1 d3 21. g4 Bxg4 22. Rxd3 Rc8 23. Nxf6+ gxf6 24. Rg3 h5 25. h3 Re8 26. Rxc2 1-0

[Event "Arab-ch"]
[Site "Dubai"]
[Date "2021.11.27"]
[Round "3"]
[White "Tagelsir, Abubaker"]
[Black "Issa, Rafat"]
[Result "1-0"]
[WhiteElo "2210"]
[BlackElo "2342"]
[PlyCount "105"]
[EventDate "2021.11.26"]
[EventType "swiss"]
[EventRounds "9"]
[EventCountry "UAE"]
[SourceTitle "CBM 205 Extra"]
[Source "ChessBase"]
[SourceDate "2022.01.31"]
[SourceVersion "1"]
[SourceVersionDate "2022.01.31"]
[SourceQuality "1"]

1. e4 e6 2. d4 d5 3. Nc3 Bb4 4. e5 Qd7 5. a3 Bxc3+ 6. bxc3 b6 7. a4 Nc6 8. Qg4 f5 9. Qh5+ Qf7 10. Qxf7+ Kxf7 11. Nf3 h6 12. c4 dxc4 13. Bxc4 Na5 14. Be2 Ne7 15. Bd2 Bb7 16. 0-0 Be4 17. Bxa5 bxa5 18. Nd2 Rab8 19. f3 Bd5 20. Rfb1 Rb6 21. Rb5 Rd8 22. Bf1 Bc6 23. Rxa5 Rb2 24. Rxa7 Rxc2 25. Nb3 Rb8 26. Nc5 Nd5 27. Na6 Ra8 28. Rxa8 Bxa8 29. a5 f4 30. Nc5 Ne3 31. a6 g5 32. Nd3 Rd2 33. Ne1 Ke7 34. a7 Nxf1 35. Kxf1 Rxd4 36. Ke2 Rd5 37. Nd3 Kd7 38. Ra6 Rb5 39. Kd2 Rb6 40. Nc5+ Ke7 41. Rxb6 cxb6 42. Na4 b5 43. Nb6 Bb7 44. a8Q Bxa8 45. Nxa8 Kd7 46. Kc3 Kc6 47. Kb4 h5 48. h3 g4 49. hxg4 hxg4 50. fxg4 Kd5 51. Nb6+ Kxe5 52. Nd7+ Kd6 53. Nf6 1-0

[Event "Online Olym Div4 C"]
[Site "Chess.com INT"]
[Date "2021.08.21"]
[Round "4.1"]
[White "Tagelsir, Abubaker"]
[Black "Novak, Robert"]
[Result "0-1"]
[WhiteElo "2219"]
[BlackElo "2190"]
[PlyCount "92"]
[EventDate "2021.08.20"]
[EventType "team (rapid)"]
[EventRounds "11"]
[EventCountry "USA"]
[SourceTitle "CBM 203 Extra"]
[Source "ChessBase"]
[SourceDate "2021.09.30"]
[SourceVersion "1"]
[SourceVersionDate "2021.09.30"]
[SourceQuality "1"]
[WhiteTeam "Sudan"]
[BlackTeam "Malta"]
[WhiteTeamCountry "SUD"]
[BlackTeamCountry "MLT"]

1. e4 e6 2. d3 d5 3. Nd2 Nf6 4. Ngf3 c5 5. g3 Be7 6. Bg2 Nc6 7. 0-0 0-0 8. e5 Nd7 9. Re1 Qc7 10. Qe2 b5 11. Nf1 a5 12. h4 Ba6 13. Bf4 b4 14. N1h2 c4 15. Ng5 Bxg5 16. hxg5 cxd3 17. cxd3 Nd4 18. Qd2 Qc2 19. Rad1 Qxd2 20. Rxd2 Rac8 21. Nf3 Nxf3+ 22. Bxf3 Rc6 23. Bd1 Rfc8 24. Ba4 Rc1 25. Rdd1 Rxd1 26. Rxd1 Nb6 27. Bb3 a4 28. Be3 axb3 29. Bxb6 bxa2 30. b3 Bxd3 31. Bd4 Bb1 32. Ba1 Rc3 33. Kh2 g6 34. Rd2 Rxb3 35. Rb2 Rxb2 36. Bxb2 Kf8 37. Kg2 Ke7 38. Kf3 Kd7 39. Ke3 Kc6 40. Kd4 Kb5 41. f3 Ka4 42. Kc5 Kb3 43. Ba1 Bd3 44. Kd4 Kc2 45. Ke3 b3 46. Bd4 b2 0-1

[Event "Titled Tuesday intern op 23rd June"]
[Site "Chess.com INT"]
[Date "2020.06.23"]
[Round "4"]
[White "Tagelsir, Abubaker"]
[Black "Turzo, Attila"]
[Result "0-1"]
[WhiteElo "2219"]
[BlackElo "2303"]
[PlyCount "140"]
[EventDate "2020.06.23"]
[EventType "swiss (blitz)"]
[EventRounds "10"]
[EventCountry "USA"]
[SourceTitle "CBM 197 Extra"]
[Source "ChessBase"]
[SourceDate "2020.09.30"]
[SourceVersion "1"]
[SourceVersionDate "2020.09.30"]
[SourceQuality "1"]

1. c3 Nf6 2. d4 g6 3. g3 Bg7 4. Bg2 d5 5. Nh3 0-0 6. 0-0 b6 7. Bg5 Bb7 8. Nd2 c5 9. Re1 Nbd7 10. a4 h6 11. Bxf6 Nxf6 12. a5 Qc7 13. Nf4 e5 14. dxe5 Qxe5 15. axb6 axb6 16. Rxa8 Bxa8 17. Qb3 Qd6 18. c4 d4 19. Bxa8 Rxa8 20. Qf3 Re8 21. Ra1 g5 22. Nd3 Qe6 23. Ra8 Rxa8 24. Qxa8+ Kh7 25. Kf1 Qh3+ 26. Kg1 Qe6 27. Kf1 Kg6 28. Qb8 Ng4 29. h3 Ne5 30. Kg2 Nd7 31. Qb7 f5 32. Nf3 Bf6 33. Nc1 g4 34. hxg4 fxg4 35. Ng1 h5 36. Nd3 Bg5 37. f4 Bf6 38. Qc7 h4 39. gxh4 Qf5 40. Qd6 Qe4+ 41. Kf1 Qf5 42. Kg2 Kh5 43. Kf1 Bxh4 44. Ne5 Nxe5 45. Qxe5 Qxe5 46. fxe5 Kg5 47. e3 dxe3 48. Ne2 Kf5 49. Nc3 Kxe5 50. Nd5 Bd8 51. Nxe3 Kd4 52. Nxg4 Kxc4 53. Ke2 Kb3 54. Ne5 Kxb2 55. Kd3 Kb3 56. Nc6 Bc7 57. Na7 Kb4 58. Nc6+ Kb5 59. Ne7 c4+ 60. Kc2 Be5 61. Nd5 Kc5 62. Nc7 b5 63. Ne6+ Kd5 64. Ng5 b4 65. Nf3 b3+ 66. Kd2 Ke4 67. Ng5+ Kf5 68. Nf3 Kf4 69. Ne1 Ke4 70. Ke2 c3 0-1

[Event "Titled Tuesday intern op 26th May"]
[Site "Chess.com INT"]
[Date "2020.05.26"]
[Round "3"]
[White "Tagelsir, Abubaker"]
[Black "Josse, Mark"]
[Result "1-0"]
[WhiteElo "2219"]
[BlackElo "2235"]
[PlyCount "63"]
[EventDate "2020.05.26"]
[EventType "swiss (blitz)"]
[EventRounds "10"]
[EventCountry "USA"]
[SourceTitle "CBM 196 Extra"]
[Source "ChessBase"]
[SourceDate "2020.07.31"]
[SourceVersion "1"]
[SourceVersionDate "2020.07.31"]
[SourceQuality "1"]

1. e4 e5 2. Nf3 Nc6 3. d4 exd4 4. Bc4 Bc5 5. c3 Nf6 6. cxd4 Bb4+ 7. Bd2 Bxd2+ 8. Nbxd2 d5 9. exd5 Ne7 10. Qa4+ Bd7 11. Qb3 0-0 12. 0-0 b5 13. d6 cxd6 14. Bd3 Rb8 15. Rfe1 Bf5 16. Rxe7 Bxd3 17. Rxa7 Qb6 18. Re7 Bc4 19. Qc2 Nd5 20. Ree1 Rbc8 21. Qf5 Nb4 22. Ng5 g6 23. Qh3 h5 24. Nxc4 Rxc4 25. Rad1 Nc2 26. Re4 Rxd4 27. Rexd4 Nxd4 28. Qe3 Rc8 29. h4 Rc4 30. Qe8+ Kg7 31. Qxf7+ Kh8 32. Qh7# 1-0

[Event "Titled Tuesday intern op 26th May"]
[Site "Chess.com INT"]
[Date "2020.05.26"]
[Round "5"]
[White "Yaniuk, Volodymyr"]
[Black "Tagelsir, Abubaker"]
[Result "1-0"]
[WhiteElo "2233"]
[BlackElo "2219"]
[PlyCount "59"]
[EventDate "2020.05.26"]
[EventType "swiss (blitz)"]
[EventRounds "10"]
[EventCountry "USA"]
[SourceTitle "CBM 196 Extra"]
[Source "ChessBase"]
[SourceDate "2020.07.31"]
[SourceVersion "1"]
[SourceVersionDate "2020.07.31"]
[SourceQuality "1"]

1. c4 Nf6 2. Nc3 g6 3. d4 Bg7 4. e4 d6 5. Nf3 0-0 6. h3 e5 7. d5 a5 8. Be3 Na6 9. g4 Nd7 10. Nd2 f5 11. gxf5 gxf5 12. exf5 Qh4 13. Qg4 Qf6 14. Rg1 Ndc5 15. Nde4 Nxe4 16. Nxe4 Qf7 17. Bh6 Bxf5 18. Qxg7+ Qxg7 19. Rxg7+ Kh8 20. Ng3 Nb4 21. Kd2 Rf6 22. Nxf5 Rxf5 23. Rg2 Rg8 24. Rxg8+ Kxg8 25. Be3 Kf7 26. a3 Na6 27. Bd3 Rh5 28. Rh1 Nb8 29. h4 Nd7 30. Be2 1-0

[Event "Titled Tuesday intern op 5th May"]
[Site "Chess.com INT"]
[Date "2020.05.05"]
[Round "7"]
[White "Papp, Petra"]
[Black "Tagelsir, Abubaker"]
[Result "1-0"]
[WhiteElo "2338"]
[BlackElo "2219"]
[PlyCount "105"]
[EventDate "2020.05.05"]
[EventType "swiss (blitz)"]
[EventRounds "10"]
[EventCountry "USA"]
[SourceTitle "EXT 2021"]
[Source "ChessBase"]
[SourceDate "2020.10.23"]
[SourceVersion "1"]
[SourceVersionDate "2020.10.23"]
[SourceQuality "1"]

1. e4 d6 2. d4 Nf6 3. Nc3 g6 4. Be2 Bg7 5. h4 c5 6. d5 h5 7. Nh3 0-0 8. Ng5 a6 9. a4 Nbd7 10. Be3 Rb8 11. f3 Ne5 12. Qd2 b5 13. axb5 axb5 14. Nxb5 c4 15. Nd4 Rxb2 16. g4 hxg4 17. h5 Nxf3+ 18. Bxf3 gxf3 19. hxg6 fxg6 20. Nde6 Bxe6 21. Nxe6 Qb8 22. Nxg7 Rb1+ 23. Rxb1 Qxb1+ 24. Qc1 Qxc1+ 25. Bxc1 f2+ 26. Kxf2 Nxe4+ 27. Ke3 Ng3 28. Rg1 Nf1+ 29. Ke2 Kxg7 30. Rxf1 Rxf1 31. Kxf1 Kf6 32. Bh6 Ke5 33. Bf8 Kxd5 34. Bxe7 Ke5 35. Ke2 d5 36. Kf3 d4 37. Bf8 g5 38. Bg7+ Kd5 39. Bh6 d3 40. c3 d2 41. Ke2 g4 42. Kxd2 Ke4 43. Ke2 g3 44. Bg7 Kf4 45. Kf1 Kf3 46. Kg1 Kf4 47. Kg2 Kg4 48. Be5 Kf5 49. Bxg3 Ke4 50. Bf2 Kd3 51. Bd4 Ke4 52. Kg3 Kd3 53. Kf4 1-0

[Event "Titled Tuesday intern op 5th May"]
[Site "Chess.com INT"]
[Date "2020.05.05"]
[Round "1"]
[White "Tagelsir, Abubaker"]
[Black "Sebenik, Matej"]
[Result "1-0"]
[WhiteElo "2219"]
[BlackElo "2498"]
[PlyCount "73"]
[EventDate "2020.05.05"]
[EventType "swiss (blitz)"]
[EventRounds "10"]
[EventCountry "USA"]
[SourceTitle "EXT 2021"]
[Source "ChessBase"]
[SourceDate "2020.10.23"]
[SourceVersion "1"]
[SourceVersionDate "2020.10.23"]
[SourceQuality "1"]

1. e4 c5 2. Nc3 d6 3. f4 g6 4. Nf3 Bg7 5. Bb5+ Bd7 6. Bc4 Nc6 7. 0-0 Na5 8. Be2 Nf6 9. d3 Nc6 10. Qe1 0-0 11. Qh4 Bg4 12. h3 Bxf3 13. Bxf3 Nd4 14. Bd1 e6 15. f5 Nd7 16. Bg5 Bf6 17. fxg6 fxg6 18. Bxf6 Rxf6 19. Rxf6 Qxf6 20. Qxf6 Nxf6 21. Ne2 Nd7 22. c3 Nxe2+ 23. Bxe2 Kf7 24. Kf2 Ke7 25. Ke3 Rc8 26. Rf1 b5 27. h4 h6 28. g4 g5 29. hxg5 hxg5 30. Rh1 Nf6 31. Rh6 e5 32. Rg6 Rg8 33. Rh6 Kf7 34. d4 b4 35. dxe5 dxe5 36. Bc4+ Kg7 37. Rxf6 1-0

[Event "Titled Tuesday intern op 21st April"]
[Site "Chess.com INT"]
[Date "2020.04.21"]
[Round "8"]
[White "Tagelsir, Abubaker"]
[Black "Wiewiora, Eneasz"]
[Result "0-1"]
[WhiteElo "2219"]
[BlackElo "2346"]
[PlyCount "58"]
[EventDate "2020.04.21"]
[EventType "swiss (blitz)"]
[EventRounds "10"]
[EventCountry "USA"]
[SourceTitle "EXT 2021"]
[Source "ChessBase"]
[SourceDate "2020.10.23"]
[SourceVersion "1"]
[SourceVersionDate "2020.10.23"]
[SourceQuality "1"]

1. Nf3 d5 2. g3 Bg4 3. Bg2 Nd7 4. h3 Bh5 5. c4 e6 6. cxd5 exd5 7. Qb3 Nc5 8. Qc2 Bg6 9. d3 c6 10. 0-0 Nf6 11. Bg5 h6 12. Be3 Ncd7 13. a3 Bd6 14. b4 0-0 15. Nbd2 Re8 16. Nh4 Bh7 17. b5 Bxg3 18. fxg3 Rxe3 19. bxc6 bxc6 20. Nb3 Rxg3 21. Nf5 Rg5 22. e4 Bxf5 23. exf5 Rc8 24. Kh1 Nh5 25. Rf3 Ne5 26. Rf2 Ng3+ 27. Kg1 Nxf5 28. d4 Ne3 29. Qd2 Rxg2+ 0-1

[Event "Titled Tuesday intern op 14th April"]
[Site "Chess.com INT"]
[Date "2020.04.14"]
[Round "9"]
[White "Janaszak, Dawid"]
[Black "Tagelsir, Abubaker"]
[Result "1-0"]
[WhiteElo "2356"]
[BlackElo "2219"]
[PlyCount "61"]
[EventDate "2020.04.14"]
[EventType "swiss (blitz)"]
[EventRounds "10"]
[EventCountry "USA"]
[SourceTitle "EXT 2021"]
[Source "ChessBase"]
[SourceDate "2020.10.23"]
[SourceVersion "1"]
[SourceVersionDate "2020.10.23"]
[SourceQuality "1"]

1. e4 d6 2. d4 Nf6 3. Nc3 g6 4. Bg5 Bg7 5. Qd2 h6 6. Bh4 c6 7. f4 b5 8. a3 0-0 9. Bd3 Qc7 10. Nf3 Nbd7 11. e5 dxe5 12. fxe5 Nd5 13. Nxd5 cxd5 14. Bxe7 Re8 15. Bh4 a6 16. 0-0 Nb6 17. b3 Bg4 18. h3 Bxf3 19. Rxf3 g5 20. Bg3 Qb7 21. Raf1 Re7 22. h4 g4 23. Rf6 Nd7 24. Rxh6 Bxh6 25. Qxh6 Nf8 26. Rf5 Re6 27. Rg5+ Ng6 28. h5 Qb6 29. hxg6 Qxd4+ 30. Kh2 Rxg6 31. Bxg6 1-0

[Event "Titled Tuesday intern op 14th April"]
[Site "Chess.com INT"]
[Date "2020.04.14"]
[Round "6"]
[White "Kakabayaev, Mergen"]
[Black "Tagelsir, Abubaker"]
[Result "1-0"]
[WhiteElo "2285"]
[BlackElo "2219"]
[PlyCount "101"]
[EventDate "2020.04.14"]
[EventType "swiss (blitz)"]
[EventRounds "10"]
[EventCountry "USA"]
[SourceTitle "EXT 2021"]
[Source "ChessBase"]
[SourceDate "2020.10.23"]
[SourceVersion "1"]
[SourceVersionDate "2020.10.23"]
[SourceQuality "1"]

1. e4 d6 2. d4 Nf6 3. Nc3 g6 4. Bc4 Bg7 5. Bb3 0-0 6. h4 h5 7. Nh3 Nc6 8. Ng5 Na5 9. f3 Nxb3 10. axb3 e5 11. dxe5 dxe5 12. Qxd8 Rxd8 13. Nb5 c6 14. Rxa7 Rxa7 15. Nxa7 Bd7 16. Be3 Be8 17. Ke2 Bf8 18. Rd1 Ra8 19. c3 Nd7 20. b4 Be7 21. Kd2 Nf8 22. Kc2 f6 23. Nh3 Ne6 24. Nf2 c5 25. bxc5 Nxc5 26. b4 Ba4+ 27. Kc1 Bxd1 28. Kxd1 Rxa7 29. bxc5 Ra2 30. g3 Kf7 31. Nd3 Rg2 32. Bf2 Rh2 33. Ke2 Rh1 34. Be1 Ke6 35. c4 Kd7 36. Nf2 Rg1 37. Nh3 Rg2+ 38. Bf2 Bxc5 39. Kf1 Rh2 40. Bxc5 Rc2 41. Nf2 Rxc4 42. Be3 b5 43. Ke2 b4 44. Kd3 Rc3+ 45. Kd2 Ra3 46. Nd3 Ra2+ 47. Ke1 Ra4 48. Nc5+ Kc6 49. Nxa4 Kb5 50. Nb2 b3 51. Bd2 1-0

[Event "Titled Tuesday intern op 14th April"]
[Site "Chess.com INT"]
[Date "2020.04.14"]
[Round "7"]
[White "Tagelsir, Abubaker"]
[Black "Rakotomaharo, Fy Antenaina"]
[Result "1-0"]
[WhiteElo "2219"]
[BlackElo "2422"]
[PlyCount "85"]
[EventDate "2020.04.14"]
[EventType "swiss (blitz)"]
[EventRounds "10"]
[EventCountry "USA"]
[SourceTitle "EXT 2021"]
[Source "ChessBase"]
[SourceDate "2020.10.23"]
[SourceVersion "1"]
[SourceVersionDate "2020.10.23"]
[SourceQuality "1"]

1. Nf3 Nf6 2. g3 g6 3. Bg2 Bg7 4. 0-0 0-0 5. d3 d5 6. Nbd2 c5 7. e4 Nc6 8. c3 e5 9. Re1 h6 10. exd5 Nxd5 11. Nc4 Re8 12. a4 Bf5 13. Nh4 Be6 14. a5 Qc7 15. Qa4 Rad8 16. Nf3 f5 17. Qa3 b5 18. axb6 axb6 19. Qa4 e4 20. dxe4 Nxc3 21. bxc3 Bxc3 22. Bxh6 Bxa1 23. Rxa1 fxe4 24. Ng5 Nd4 25. Ne3 Bb3 26. Qa6 Qc6 27. Qa7 Rd7 28. Qa3 Rdd8 29. Qb2 Ra8 30. Rxa8 Qxa8 31. h4 Qa2 32. Qxa2 Bxa2 33. Nxe4 Rb8 34. Bf4 Rc8 35. Bh3 Ra8 36. Bg2 Ra3 37. Bc7 Rb3 38. Kh2 Rb2 39. Ng4 Be6 40. Ngf6+ Kf7 41. Be5 Bf5 42. Ng5+ Ke7 43. f4 1-0

[Event "Arab CC-ch"]
[Site "Hammamet"]
[Date "2020.03.12"]
[Round "7.2"]
[White "Tagelsir, Abubaker"]
[Black "Ameir, Moheb"]
[Result "1-0"]
[WhiteElo "2191"]
[BlackElo "2319"]
[PlyCount "109"]
[EventDate "2020.03.08"]
[EventType "team-tourn"]
[EventRounds "7"]
[EventCountry "TUN"]
[SourceTitle "CBM 195 Extra"]
[Source "ChessBase"]
[SourceDate "2020.05.31"]
[SourceVersion "1"]
[SourceVersionDate "2020.05.31"]
[SourceQuality "1"]
[WhiteTeam "Alfrosia"]
[BlackTeam "Misr Insurance"]
[WhiteTeamCountry "SUD"]
[BlackTeamCountry "EGY"]

1. e4 c5 2. Nc3 Nc6 3. f4 g6 4. Nf3 Bg7 5. Bb5 Nd4 6. 0-0 a6 7. Bd3 d6 8. Nxd4 cxd4 9. Ne2 Nf6 10. Kh1 0-0 11. Nxd4 Nxe4 12. Bxe4 Bxd4 13. Qf3 Rb8 14. c3 Bg7 15. f5 gxf5 16. Bxf5 e6 17. Bc2 b5 18. d4 Qh4 19. Qe2 Bb7 20. Rf4 Qe7 21. Qh5 f5 22. Rg4 Kh8 23. Rg3 Be4 24. Bxe4 fxe4 25. Bg5 Qf7 26. Qe2 Qf2 27. Re3 d5 28. Re1 Rb7 29. Qxf2 Rxf2 30. R3e2 Rf5 31. Be3 Bf8 32. Rf2 Kg7 33. Ref1 Kg6 34. g4 Rxf2 35. Rxf2 Be7 36. Kg2 b4 37. Rc2 bxc3 38. bxc3 a5 39. c4 dxc4 40. Kg3 Bd6+ 41. Bf4 Bb4 42. Kf2 Ba3 43. Ke3 Rb2 44. Rxc4 Rxa2 45. Kxe4 Re2+ 46. Kf3 Ra2 47. Rc6 Kf7 48. Rc7+ Kg8 49. Rc8+ Kf7 50. Rh8 a4 51. Rxh7+ Kg8 52. Ra7 Bb4 53. h4 Bc3 54. Be5 Ra1 55. g5 1-0